000 nam a22 7a 4500
999 _c9132
_d9132
008 180123b ||||| |||| 00| 0 eng d
100 _aDorling Kindersley
_95402
245 _aConcise ATLAS of the world
260 _aLondon
_c2009